LEADER 01355nam a2200265 a 4500 001 000000136087 003 CaOOAMICUS 005 20131104171157.0 008 131104s2013 it frm z000 u ita r 040 $aPUL$bita 100 1 $aPecoraro, Francesco.$0(OLS)http://pul/name/87595 245 12$aL'unitą della famiglia e pari dignitą dei coniugi nell'ordinamento giuridico italiano e canonico:$bProfili comparatistici /$cFrancesco Pecoraro. 260 $aRoma :$bPontificia Universitą Lateranense,$c2013. 300 $a289 p.$c24 cm 502 $aTesi di Dottorato-- Pontificia Universitas Lateranensis. Institutum Utriusque Iuris, 2013. 504 $aBibliografia: p. [267]-284. 650 4$aFamiglia (diritto).$0(OLS)http://pul/subject/1842 650 4$aFamiglia$xStudi.$0(OLS)http://pul/subject/19837 710 1 $aPontificia Universitą Lateranense.$bInstitutum Utriusque Iuris.$kTesi.$0(OLS)http://pul/name/81822 850 $aPUL 852 $aPUL$W1$xDP1 Tesi Pon Univ. Lateranense$y41$m2013 E 2$j156867$qTesi$B156259$CPULBib$Z2$F156259 $82 941 1 $a16 996 $6245$aL'unitą della famiglia e pari dignitą dei coniugi nell'ordinamento giuridico italiano e canonico:$bProfili comparatistici$9(OLS)http://pul/title/172089 996 $6260$aRoma :$bPontificia Universitą Lateranense$9(OLS)http://pul/publisher/47963 LEADER 01173nam a2200277 u 4500 001 000000113583 003 CaOOAMICUS 005 20081021105300.0 008 081021s2002 it u000 u ita r 020 $a88-8353-198-1 040 $aPUL$bita$dLDB 100 1 $aGadamer, Hans Georg,$d1900-2002.$0(OLS)http://pul/name/5709 245 12$aL'ultimo Dio :$bun dialogo filosofico con Riccardo Dottori /$cHans-Georg Gadamer. 260 $aRoma :$bMeltemi,$c2002. 300 $a159 p. ;$c21 cm. 490 1 $aBiblioteca ;$v10 650 4$aErmeneutica.$0(OLS)http://pul/subject/438 650 14$aMetafisica.$0(OLS)http://pul/subject/433 700 1 $aDottori, Riccardo.$0(OLS)http://pul/name/43575 830 0$aBiblioteca (Meltemi) ;$v10.$0(OLS)http://pul/title/99010 850 $aPUL 852 $aPUL$W1$xSL Filosofia 3$y81$m110 GADMA 1$j129778$qDDC 21$B128834$CPULBib$Z2$F128834 $H108473 $82 941 1 $a9 996 $6020$a88-8353-198-1$9(OLS)http://pul/number/138917 996 $6245$aL'ultimo Dio :$bun dialogo filosofico con Riccardo Dottori$9(OLS)http://pul/title/142714 996 $6260$aRoma :$bMeltemi$9(OLS)http://pul/publisher/74645